000 00672nam a2200241Ia 4500
003 OSt
005 20220928114157.0
006 a|||||r|||| 00| 0
007 ta
008 220927b |||||||| |||| 00| 0 eng d
024 _a70534
037 _cTextual
040 _aSDCL
_cSDCL
_beng
041 _2eng
_aeng
082 _aV2:5(Y15)'P, P5
100 _aRoy Anupama
_9374538
245 0 _aGender citizenship
_b Historical and conceptual explorations
260 _aHyderabad
_bOrient Longman
_c2005
300 _aviii,291
_ccm.
650 _aWomen Rights
_9437324
942 _hV2:5(Y15)'P, P5
_cTEXL
_2CC
999 _c753274
_d753274